Foreign direct investment and environment in Central and Eastern Europe: a survey (Record no. 43733)

MARC details
000 -LEADER
fixed length control field 00891nam a2200205 a 4500
008 - FIXED-LENGTH DATA ELEMENTS--GENERAL INFORMATION
fixed length control field 071012s1995 ||||||||||||||||| || u
020 ## - INTERNATIONAL STANDARD BOOK NUMBER
International Standard Book Number 0821331809
050 ## - LIBRARY OF CONGRESS CALL NUMBER
Classification number IBRD(06)EAP/1995/2
100 ## - MAIN ENTRY--PERSONAL NAME
Personal name Zamparutti, Anthony, 1962-
245 10 - TITLE STATEMENT
Title Foreign direct investment and environment in Central and Eastern Europe: a survey
Statement of responsibility, etc. Jonathan Klavens; Anthony Zamparutti
260 ## - PUBLICATION, DISTRIBUTION, ETC.
Place of publication, distribution, etc. Washington, D. C.
Name of publisher, distributor, etc. World Bank
Date of publication, distribution, etc. 1995
300 ## - PHYSICAL DESCRIPTION
Extent x, 44p.: ill.
350 ## - PRICE (NR) (BK AM CF MU VM SE) [OBSOLETE]
Price 0.00
490 ## - SERIES STATEMENT
Series statement Report for the Environmental Action Programme for Central and Eastern Europe
650 ## - SUBJECT ADDED ENTRY--TOPICAL TERM
Topical term or geographic name entry element INVESTMENTS, FOREIGN--EUROPE, CENTRAL
650 ## - SUBJECT ADDED ENTRY--TOPICAL TERM
Topical term or geographic name entry element INVESTMENTS, FOREIGN--EUROPE, EASTERN
650 ## - SUBJECT ADDED ENTRY--TOPICAL TERM
Topical term or geographic name entry element ENVIRONMENT
700 ## - ADDED ENTRY--PERSONAL NAME
Personal name Klavens, Jonathan, 1965-
995 ## - RECOMMENDATION 995 [LOCAL, UNIMARC FRANCE]
-- 0.00
-- CBU-MAIN LIBRARY (Kitwe)
-- 1
-- 0.00
-- 1
-- AVAILABLE
-- Oct 12, 2007
-- International Publications
Holdings
Withdrawn status Lost status Source of classification or shelving scheme Damaged status Not for loan Home library Current library Shelving location Date acquired Total Checkouts Full call number Barcode Date last seen Price effective from Koha item type
          CBU-MAIN LIBRARY, KITWE. CBU-MAIN LIBRARY, KITWE.   11/30/2022   IBRD(06)EAP/1995/2 024293 11/30/2022 11/30/2022 MONOGRAPH